[Event "Stay Safe Play From Home 200"]
[Site "T#646566Emanuel Laske"]
[Date "2020.06.04"]
[Round "5"]
[White "Broken sword"]
[Black "Mepe_Nika"]
[Result "1-0"]
[WhiteElo "2454"]
[BlackElo "2290"]
[Annotator "TA"]
[PlyCount "115"]
[EventDate "2020.06.04"]
[EventType "swiss (blitz)"]

{[%evp 14,115,26,0,0,-10,6,-8,-17,-10,0,-36,-28,-35,-40,-48,-6,-14,0,-26,-26,-18,-19,-265,-263,-264,-258,-304,-325,-316,-298,-604,-599,-572,-570,-702,-607,-531,-125,-523,-415,-557,-510,-547,-528,-1712,-90,-97,137,126,135,127,129,142,143,0,0,0,7,0,0,0,0,0,0,0,301,296,448,251,361,8,8,0,0,0,0,0,0,0,0,0,0,0,0,0,0,0,0,0,0,-568,0,0,259,255,844,591,584,584,12797,5090,29970,29965]} 1. e4 e5 2. Nf3 Nc6 3. Bb5 a6 4. Bxc6 dxc6 5. O-O Bd6 6. d4 exd4 7. Qxd4 f6 8. b3 Ne7 {C68: Ruy Lopez: Exchange Variation, sidelines.} 9. Ba3 (9. Re1 {feels hotter.} c5 10. Qd3 O-O 11. Nbd2 Nc6 12. Nc4) 9... Bxa3 {[#]} 10. Nxa3 $146 ({Predecessor:} 10. Qxd8+ Kxd8 11. Nxa3 Bg4 12. Nd2 Nc8 13. f3 Be6 14. Rad1 Nd6 15. Rfe1 Ke7 16. e5 fxe5 17. Rxe5 {½-½ (50) Gdanski,J (2485)-Murdzia,P (2360) Augustow 1996}) 10... Qxd4 {The position is equal.} 11. Nxd4 c5 12. Nf3 Bd7 13. Rfe1 O-O-O 14. Rad1 Bc6 15. Nd2 Rhe8 16. f3 f5 17. exf5 Nxf5 18. Nac4 $2 (18. Ndc4 $11) 18... Rxe1+ $1 $19 19. Rxe1 b5 20. Ne5 Rxd2 21. Nxc6 {[%mdl 4096] Endgame KRN-KRN} Kb7 ({Don't do} 21... Rxc2 22. a3 $19) 22. Ne7 $2 (22. Ne5) 22... Nxe7 23. Rxe7 Rxc2 24. Rxg7 {KR-KR} c4 25. bxc4 bxc4 $2 (25... b4 $19 26. Re7 Rxa2) 26. Rg4 $2 {[%mdl 8192]} (26. f4 $17 {is a better chance.}) 26... Kc6 27. h4 Kd5 28. Rg7 c5 29. Rxh7 {intending Rd7+.} Rb2 $2 (29... c3 $19 30. Rd7+ Kc4) 30. Rd7+ $17 Kc6 $2 (30... Ke5 $1 $17 {keeps the pressure on.} 31. Re7+ Kd4 32. Rd7+ Ke3 33. Re7+ Kd3 34. Rd7+ Ke2 35. Re7+ Kd2 36. Rd7+ Ke2 37. Re7+ Kd1) 31. Rd1 $16 c3 32. Rc1 c2 33. Kf2 Kd5 34. Ke2 (34. Ke3 $1 $16) 34... Kd4 $11 35. Kd2 $1 Rxa2 {And now ...c4 would win.} 36. Rxc2 Ra1 $1 37. Ke2 c4 {aiming for ...c3.} 38. Rd2+ Kc3 $1 39. Rd6 Kb2 $2 {[%mdl 8192]} (39... Ra2+ $11 40. Kf1 a5) 40. Rb6+ $18 Kc2 (40... Kc3 $142 41. g4 Rh1) 41. h5 (41. g4 $142) 41... c3 42. h6 $2 (42. g4 $1 $18) 42... a5 $1 $11 43. Ra6 Kb2 44. h7 Rh1 45. Rxa5 {Strongly threatening Rb5+.} Rxh7 46. Rb5+ Kc2 47. f4 Re7+ 48. Kf3 Kd3 {Hoping for ...c2.} 49. Rd5+ Kc4 50. Rd8 c2 {...Rc7 is the strong threat.} 51. Rc8+ Kd3 52. f5 $2 {[%mdl 8192] [#]} (52. Rd8+ $11 {and White is okay.} Kc3 53. Rc8+ Kd2 54. Rd8+ Kc1 55. Rc8) 52... Kd2 $2 (52... Re3+ $1 $19 53. Kf2 Re4) 53. g3 Kd1 $2 {[%mdl 8192] [#]} (53... Re3+ $11 54. Kf2 Rc3 55. Rd8+ Kc1) 54. g4 $1 $18 {[%cal Rg4g5]} c1=Q $2 (54... Re1 55. g5 Kd2) 55. Rxc1+ Kxc1 56. f6 Rf7 57. g5 Kc2 58. Ke4 {A wild game. Accuracy: White = 58%, Black = 63%.} 1-0

[Event "Stay Safe Play From Home 200"]
[Site "T#646566Emanuel Laske"]
[Date "2020.06.04"]
[Round "5"]
[White "Lamborghini"]
[Black "Lazieri3"]
[Result "1-0"]
[WhiteElo "2101"]
[BlackElo "1968"]
[Annotator "TA"]
[PlyCount "73"]
[EventDate "2020.06.04"]
[EventType "swiss (blitz)"]

{[%evp 11,73,32,54,44,68,-36,-34,-57,-48,-57,-65,-52,-41,-56,-31,-51,-38,-65,-30,-43,-60,-114,-105,-239,-31,-223,106,-120,-31,-183,-44,-44,-37,-46,-35,-27,0,-40,-32,-31,0,-95,162,160,152,22,380,372,858,858,894,472,459,-164,-183,-259,-249,-290,-208,-395,-371,-439,83,82]} 1. e4 c6 2. d4 d5 3. Nc3 dxe4 4. Nxe4 Nd7 5. Ng5 Ngf6 6. Bd3 Nb6 7. N1f3 {B17: Caro-Kann: Modern Line (4...Nd7).} h6 8. Nxf7 (8. Ne4 $14) 8... Kxf7 $15 9. Ne5+ {Black is slightly better.} Kg8 10. O-O {[#]} e6 $146 ({Predecessor:} 10... Be6 11. Be3 Bf7 12. Nxf7 Kxf7 13. c4 e6 14. Qc2 Be7 15. Bg6+ Kg8 16. Rad1 Qc7 17. Qe2 Nbd7 18. Bf4 e5 19. dxe5 Nh7 20. c5 Kf8 21. Qe4 Nhf6 22. exf6 {1-0 (22) Maracek,I (2078)-Listiak,J (2011) Slovakia 2010}) 11. c3 Bd6 12. Ng6 Bd7 13. Re1 Nbd5 14. g3 Be8 (14... c5 {is more complex.} 15. dxc5 Bxc5 16. Rb1 Qc7 17. Bd2 Ne7) 15. Nxh8 Kxh8 16. c4 (16. Bd2 $15) 16... Nb4 $17 17. Be2 (17. Rxe6 $17 {is a better defense.} Nxd3 18. Qxd3) 17... Bf7 $2 (17... Bg6 $19 {Strongly threatening ...Nc2.} 18. Rf1 Nc2) 18. Be3 $2 (18. a3 $15 Na6 19. Bd2) 18... Bc7 $2 ({Black should play} 18... Bg6 $19 19. Rf1 Nc2) 19. Qd2 $2 (19. Qb3 $1 $16 {is forced if you want to stay better.}) 19... Na6 (19... Ba5 $1 $17 20. a3 Nbd5) 20. Bf3 $2 (20. a3 $15) 20... Qd7 (20... Ba5 $19 21. Qe2 Bxe1 22. Rxe1 Qa5) 21. Rad1 Rd8 22. a3 Nb8 23. b4 Qe8 24. d5 cxd5 25. cxd5 exd5 26. Bd4 (26. Bxh6 $11 {remains equal.} Qf8 27. Bg5) 26... Qc6 $2 {[%mdl 8192]} (26... Qf8 $17 {stays on course.} 27. Bxa7 Nc6) 27. Rc1 $1 $18 Qd6 {[#] Threatens to win with ...Nc6.} 28. Bc5 (28. Rxc7 $1 $16 {[%mdl 512]} Qxc7 29. Bxf6 gxf6 30. Qxh6+ {[%mdl 64] Double Attack} Kg8 31. Bg4 (31. Qxf6 Rd6 $11)) 28... Qd7 $2 {[%mdl 8192]} (28... Qa6 $1 $11) 29. Re7 Qc8 $2 (29... Qf5 30. Rxc7 Rd7) 30. Rxf7 Nc6 31. b5 Ne5 {[#]} 32. Bg2 $4 {[%mdl 8192]} (32. Rxf6 $1 $18 {[%mdl 512] was the only winning move.} gxf6 33. Qxh6+ {[%mdl 64] Double Attack} Kg8 34. Qxf6 Nxf3+ 35. Qxf3) 32... Nxf7 $19 33. Bd4 (33. Be7 $142 Re8 34. Bxf6 gxf6 35. Qxd5 (35. Qc3 $2 Kg7 $19)) 33... Qd7 34. a4 Bb6 {aiming for ...Bxd4.} 35. Bxb6 $2 (35. Bxf6 {was the only chance.} gxf6 36. a5) 35... axb6 36. Rd1 Ne4 $2 ({Black should try} 36... d4 $19 37. Qd3 Ne5) 37. Bxe4 $1 {[%mdl 64] Pin. What a bad dream for White. Accuracy: White = 27%, Black = 29%.} 1-0

[Event "Stay Safe Play From Home 200"]
[Site "T#646566Emanuel Laske"]
[Date "2020.06.04"]
[Round "5"]
[White "Weltszmerc"]
[Black "Haxhi Baha"]
[Result "1-0"]
[WhiteElo "2089"]
[BlackElo "2006"]
[Annotator "TA"]
[PlyCount "67"]
[EventDate "2020.06.04"]
[EventType "swiss (blitz)"]

{[%evp 16,67,26,33,39,38,30,-16,146,137,156,147,143,61,114,111,139,85,78,36,43,0,29,0,0,-102,21,16,16,22,44,0,259,68,369,367,366,166,342,345,465,457,780,764,756,790,29985,29986,29986,29987,29988,29989,29993,29994]} 1. d4 d5 2. c4 e5 3. Nf3 exd4 4. Nxd4 c6 5. cxd5 cxd5 6. Nc3 Nf6 7. g3 Nc6 8. Bg2 Bc5 {8...Bc5 is better than 8...Be7.} 9. Nb3 Bb6 {D33: Tarrasch Defence: 6 g3 sidelines.} 10. Nxd5 Be6 {[%cal Rf6d5] [#]} 11. Nxb6 $146 ({Predecessor:} 11. e4 Bg4 12. Qd3 Nxd5 13. exd5 O-O 14. O-O Ne5 15. Qc3 Re8 16. Be3 Rc8 17. Bxb6 axb6 {½-½ (40) Raahul,V (2252)-Tukhaev,A (2552) Mumbai 2019}) 11... Qxb6 $2 (11... Qxd1+ $11 12. Kxd1 axb6 13. Bxc6+ bxc6) 12. O-O $16 Rd8 13. Qc2 $1 O-O 14. Qc5 ({White should try} 14. Be3 $16 Bxb3 15. Qxb3 Qxb3 16. axb3) 14... Qa6 ({Black should play} 14... Qxc5 $1 $14 15. Nxc5 Nd4) 15. Bg5 Qxe2 16. Bxf6 (16. Rfe1 $142 $1 {[%cal Re1e2]} Qa6 17. Bxf6 gxf6 18. Qh5) 16... gxf6 17. Rfe1 Qxb2 18. h4 Ne5 {Strongly threatening ...Nd3.} 19. Qe3 Rd3 20. Qh6 {[#]} (20. Qxa7 $11 Bxb3 21. Reb1) 20... Bd5 (20... Rf3 $1 $17 {[%mdl 512]} 21. Rf1 {[#]} (21. Bxf3 Nxf3+) 21... Rxf2 $1 {[%mdl 576] Decoy} 22. Rxf2 Qxf2+ 23. Kxf2 Ng4+ {[%mdl 64] Double Attack} 24. Ke2 Nxh6 25. Bxb7 Rb8) 21. Bxd5 $11 Rxd5 22. Qxf6 Re8 23. Kg2 {Black must now prevent Rac1.} Qc3 $2 {[%mdl 8192]} (23... Re6 $11 24. Qg5+ Rg6) 24. Re3 $2 (24. Rac1 $18 Qd3 25. Rc7) 24... Qc6 $2 {[%mdl 8192] Black cannot hold the game after this.} (24... Qc7 $14) 25. Qxc6 $18 bxc6 26. Rae1 (26. f4 $142) 26... f6 $2 (26... Re6 {was worth a try.}) 27. f4 Rb5 28. fxe5 Rd8 (28... Rexe5 $142 29. Rxe5 fxe5) 29. exf6 Kf7 30. Rf3 Rd6 31. Re7+ {[%mdl 64] Double Attack. White mates.} Kf8 32. Rxh7 Rbd5 33. f7 Rd2+ 34. Kh3 {Accuracy: White = 36%, Black = 30%.} 1-0

[Event "Stay Safe Play From Home 200"]
[Site "T#646566Emanuel Laske"]
[Date "2020.06.04"]
[Round "5"]
[White "Fischer_11"]
[Black "SoulofWolf"]
[Result "0-1"]
[WhiteElo "2054"]
[BlackElo "2147"]
[Annotator "NA RC"]
[PlyCount "84"]
[EventDate "2020.06.04"]
[EventType "swiss (blitz)"]

1. e4 {[%emt 0:00:04]} e6 {[%emt 0:00:00]} 2. d4 {[%emt 0:00:01]} d5 {[%emt 0:00:00]} 3. Nd2 {[%emt 0:00:01]} c5 {[%emt 0:00:02]} 4. Ngf3 {[%emt 0:00:01]} Nc6 {[%emt 0:00:00]} 5. c3 {[%emt 0:00:02]} Nge7 {[%emt 0:00:01]} 6. Bd3 {[%emt 0:00:01]} Ng6 {[%emt 0:00:00]} 7. O-O {[%emt 0:00:01]} Be7 {[%emt 0:00:00]} 8. exd5 {[%emt 0:00:01]} exd5 {[%emt 0:00:01]} 9. Bc2 {[%emt 0:00:01]} c4 {[%emt 0:00:01]} 10. Re1 {[%emt 0:00:01]} O-O {[%emt 0:00:01]} 11. Qe2 {[%emt 0:00:01]} Bf6 {[%emt 0:00:01]} 12. Bxg6 {[%emt 0:00:02]} hxg6 {[%emt 0:00:01]} 13. Nf1 {[%emt 0:00:00]} Bd7 {[%emt 0:00:01]} 14. Bf4 {[%emt 0:00:01]} Re8 {[%emt 0:00:00]} 15. Qd2 {[%emt 0:00:01]} b5 {[%emt 0:00:00]} 16. Rxe8+ {[%emt 0:00:02]} Qxe8 {[%emt 0:00:01]} 17. Rd1 {[%emt 0:00:00]} Qf8 {[%emt 0:00:02]} 18. Re1 {[%emt 0:00:00]} Re8 {[%emt 0:00:01]} 19. Rxe8 {[%emt 0:00:01]} Qxe8 {[%emt 0:00:00]} 20. Qe3 {[%emt 0:00:00]} Qc8 {[%emt 0:00:02]} 21. Be5 {[%emt 0:00:02]} Be7 {[%emt 0:00:03]} 22. N1d2 {[%emt 0:00:05]} a5 {[%emt 0:00:02]} 23. Bg3 {[%emt 0:00:03]} Be6 {[%emt 0:00:01]} 24. Ne5 {[%emt 0:00:02]} Nd8 {[%emt 0:00:01]} 25. Nxg6 {[%emt 0:00:02]} fxg6 {[%emt 0:00:01]} 26. Nf3 {[%emt 0:00:01]} Bf6 {[%emt 0:00:02]} 27. Be5 {[%emt 0:00:02]} Qd7 {[%emt 0:00:01]} 28. Qf4 {[%emt 0:00:01]} Kf7 {[%emt 0:00:01]} 29. Ng5+ {[%emt 0:00:02]} Ke7 {[%emt 0:00:00]} 30. Nf3 {[%emt 0:00:01]} Nf7 {[%emt 0:00:01]} 31. h3 {[%emt 0:00:01]} Nd6 {[%emt 0:00:05]} 32. Qg3 {[%emt 0:00:02]} Kf7 {[%emt 0:00:02]} 33. Nh4 {[%emt 0:00:03]} Bxh4 {[%emt 0:00:03]} 34. Qxh4 {[%emt 0:00:00]} Qe7 {[%emt 0:00:01]} 35. Qh8 {[%emt 0:00:02]} Ne8 {[%emt 0:00:01]} 36. Qh7 {[%emt 0:00:01]} Bf5 {[%emt 0:00:02]} 37. h4 {[%emt 0:00:02]} Bb1 {[%emt 0:00:01]} 38. h5 {[%emt 0:00:01]} Qe6 {[%emt 0:00:01]} 39. hxg6+ {[%emt 0:00:01]} Qxg6 {[%emt 0:00:00]} 40. Qxg6+ {[%emt 0:00:01]} Kxg6 {[%emt 0:00:01]} 41. a3 {[%emt 0:00:00]} Kf5 {[%emt 0:00:02]} 42. f3 {[%emt 0:00:00]} g5 {[%emt 0:00:01]} 0-1

[Event "Stay Safe Play From Home 200"]
[Site "T#646566Emanuel Laske"]
[Date "2020.06.04"]
[Round "5"]
[White "Castlingarrocco"]
[Black "Little champs"]
[Result "0-1"]
[WhiteElo "2009"]
[BlackElo "2264"]
[Annotator "TA"]
[PlyCount "126"]
[EventDate "2020.06.04"]
[EventType "swiss (blitz)"]

{[%evp 9,126,2,4,0,0,-7,14,0,35,29,36,-3,32,6,52,-4,13,-12,2,0,4,0,0,0,3,0,35,56,37,-2,31,0,97,-41,138,131,237,223,259,149,337,289,339,230,349,187,255,254,286,134,409,412,378,315,322,56,456,451,443,433,393,64,370,273,946,329,1001,0,260,0,677,323,479,0,228,0,0,-28,-8,-134,0,0,0,0,0,-6170,-6330,-4132,-650,-628,-621,-601,-576,-1444,-1444,-1453,-1358,-1301,-1025,-1470,-1459,-1422,-1383,-1315,-1304,-666,-239,-447,-447,-29971,-29971,-29981,-29982,-29985,-29986,-29986,-29974,-5600,-150]} 1. d4 d5 2. e3 c6 3. f4 Nf6 4. Nf3 g6 5. Bd3 Bg7 {[#]} 6. Qe2 $146 {D00: 1 d4 d5: Unusual lines.} ({Predecessor:} 6. c3 O-O 7. O-O Nbd7 8. Nbd2 c5 9. Ne5 Qc7 10. Qf3 b6 11. a4 a6 12. h3 {0-1 (62) Malakhova,E (2281)-Khegay,D (2528) chess.com INT 2020}) 6... O-O 7. c3 Bg4 8. Nbd2 {[%cal Bb1d2,Bd2f3,Bf3e5][%mdl 32] The position is equal.} Bxf3 9. Nxf3 Nbd7 10. Ne5 c5 11. O-O e6 12. Bd2 (12. b3 $14) 12... Rc8 13. Rac1 a6 14. g4 b5 15. g5 Ne4 16. Bxe4 dxe4 17. Qg2 Nxe5 18. fxe5 Qd5 19. b3 cxd4 20. exd4 Rc7 (20... b4 $11 {keeps the balance.}) 21. Rce1 ({Better is} 21. Rfe1 $16) 21... e3 $2 (21... b4 $1 $15 {keeps the upper hand.} 22. c4 Qxd4+ 23. Kh1 Qc5) 22. Rxe3 Qd7 (22... Qxg2+ $16 23. Kxg2 Ra8) 23. Qe4 $18 Rfc8 24. Ref3 (24. Qh4 $18) 24... b4 $2 (24... Qd8 $16 25. Rh3 Kh8) 25. c4 (25. cxb4 Qd8 $18) 25... a5 26. Be3 a4 (26... Qd8 $142 27. R3f2 Qe8) 27. Rd1 (27. Rxf7 $142 Qxf7 28. Rxf7 Rxf7 29. c5) 27... axb3 (27... Qd8 $142 28. h4 Rd7) 28. axb3 Ra7 29. d5 (29. Rdf1 $18) 29... Ra3 $2 {[%mdl 8192]} (29... Ra5 $16 30. h4 exd5 31. Rxd5 (31. cxd5 Re8 $11) 31... Ra1+ 32. Kg2 Qe6) 30. d6 Rxb3 31. c5 Rc3 32. Qxb4 $2 (32. Rdf1 $18 Rf8 33. Rh3 (33. Qxb4 Bxe5 34. Qe4 Bg7 $16)) 32... Rc2 $2 {[%mdl 8192]} (32... Bxe5 $14 33. Qe4 R8xc5) 33. Rf2 Rxf2 34. Kxf2 Bxe5 35. Qc4 $2 (35. Qe4 $18 Bc3 36. Rc1) 35... Rc6 $2 {[%mdl 8192]} (35... Qc6 $14) 36. Qe4 Bg7 $2 {[#]} (36... Bxh2 37. Rd2 Ra6) 37. h4 $2 (37. Qxc6 $1 {[%mdl 512]} Qxc6 38. d7) 37... e5 $2 {[#]} (37... Bf8 38. Ra1 Rc8) 38. Bd2 $2 ({White must play} 38. Qxc6 $3 $18 {[%mdl 512]} Qxc6 39. d7) 38... Rc8 $2 {[%mdl 8192]} (38... Rxc5 $11 {and Black is okay.} 39. Ra1 Rc8) 39. Be3 $2 (39. Rc1 $18) 39... h5 $2 {[%mdl 8192]} (39... Rc6 $11 40. Qxc6 {[%mdl 64] Promotion} Qxc6) 40. Rc1 (40. gxh6 $142 Bf6 41. Kg3) 40... Qh3 (40... Kh7 {was worth a try.} 41. Kg2 Rb8) 41. Qg2 $2 (41. c6 $18) 41... Qxh4+ $2 (41... Qe6 $1 $11) 42. Qg3 $2 (42. Kg1 $18 Bf8 43. d7) 42... Qa4 $11 43. Qf3 {aiming for c6.} e4 $36 {[%mdl 2048] Black has some pressure.} 44. Qf4 {[#]} (44. Qd1 $1 $11 Qc6 45. Qc2) 44... Bd4 ({Black should try} 44... Qa2+ $1 $17 45. Ke1 Qe6) 45. Bxd4 Qxd4+ {[%mdl 4160] Endgame Double Attack. KQR-KQR} 46. Qe3 Qd5 {Threatens to win with ...Rb8.} (46... Qb2+ {is more complex.} 47. Kg1 Ra8 48. d7 Ra2 49. d8=Q+ Kh7) 47. Re1 $2 {[%mdl 8192]} (47. Ke1 $11) 47... Rxc5 $19 48. Qxe4 Qxe4 (48... Qxd6 $142 49. Re2 Qh2+ 50. Kf3 Qh3+ 51. Kf2 Rxg5 52. Qa8+ Kg7 53. Qa1+ Kh7) 49. Rxe4 {KR-KR} Rd5 50. Re8+ Kg7 51. Rd8 Rxg5 52. Ke3 Rd5 53. Ke4 Rd1 54. Ke5 h4 55. Rc8 h3 {( -> ...h2)} 56. Rc2 g5 57. Rh2 g4 $2 (57... Rd3 {...Kg6 is the strong threat.} 58. Kf5 Rd5+ 59. Ke4 Rxd6 60. Rxh3 Ra6) 58. Kf4 $2 (58. Kf5 Rxd6 59. Kxg4) 58... Rd4+ 59. Kg3 (59. Ke5 $19 Rd3 60. Kf4) 59... Kg6 60. Rf2 Kg5 61. Rxf7 Rd3+ 62. Kh2 Rxd6 63. Rg7+ Kf4 $2 {What a bad dream for White. Accuracy: White = 33%, Black = 33%.} (63... Kh5 $19 {is more deadly.} 64. Rh7+ Kg6) 0-1

[Event "Stay Safe Play From Home 200"]
[Site "T#646566Emanuel Laske"]
[Date "2020.06.04"]
[Round "5"]
[White "KLIND"]
[Black "Greblah"]
[Result "1-0"]
[WhiteElo "1862"]
[BlackElo "1943"]
[Annotator "TA"]
[PlyCount "109"]
[EventDate "2020.06.04"]
[EventType "swiss (blitz)"]

{[%evp 9,108,1,41,41,38,0,51,-8,-15,-47,20,7,20,-83,-1,-29,-20,-93,92,-123,-68,-163,-117,-156,-178,-269,-235,-203,-168,-455,227,226,221,233,224,220,226,221,517,529,488,435,431,436,434,433,496,410,611,604,1253,1256,1253,1250,1176,1208,2695,2237,29984,29976,29975,29962,29987,29988,29988,29989,29989,29990,29990,29990,29990,29991,29991,29990,29992,29991,29991,29992,29992,29992,29992,29991,29991,29992,29992,29993,29994,29995,29995,29996,29996,29997,29997,29998,29998,29998,29998,29999,29999,29999,29999]} 1. e4 c6 2. Nf3 d5 3. exd5 cxd5 4. d4 Nc6 5. Bd3 g6 6. O-O {B13: Caro-Kann: Exchange Variation and Panov-Botvinnik Attack.} Bg7 {[#]} 7. Bg5 $146 ({Predecessor:} 7. c3 Nf6 8. Re1 O-O 9. Nbd2 Nd7 10. Nb3 e5 11. dxe5 Ndxe5 12. Nxe5 Bxe5 13. Bf1 Qd6 14. g3 Rd8 15. Bg5 Bf6 16. Be3 Bf5 17. Bg2 d4 18. cxd4 Nxd4 19. Nxd4 Bxd4 20. Bxd4 Qa6 21. Qb3 Rxd4 22. Bxb7 {1-0 (22) Ambartsumova,K (2359)-Protopopova,A (2272) Yaroslavl 2019}) 7... f6 (7... Bxd4 $11 8. Nxd4 Nxd4) 8. Bh4 (8. Be3 $14) 8... Nh6 $11 9. c3 Nf7 (9... Nf5 $15) 10. Re1 O-O 11. Qe2 {[#]} (11. Nbd2 $11) 11... Qc7 (11... Qb6 $1 $17 {White should prevent ...e5.} 12. b4 e5) 12. Bg3 Qb6 13. b4 (13. c4 $11 {remains equal.}) 13... a5 $2 (13... e5 $1 $17 {[%cal Re5e4] and life is bright. Strongly threatening ...e4.} 14. Nbd2 e4 15. Nxe4 dxe4 16. Bxe4 Ne7) 14. Qb2 $2 (14. b5 $16 {is forced if you want to stay better.}) 14... Bg4 (14... e5 $17 {aiming for ...e4.} 15. b5 e4 16. Bxe4 dxe4 17. Rxe4 Bf5) 15. Be2 ({White should play} 15. Nbd2 $15) 15... e5 {[%cal Ra5b4]} 16. dxe5 fxe5 {[%cal Ra5b4]} 17. Nbd2 (17. a3 $142) 17... e4 18. Nd4 Nxd4 19. cxd4 $2 (19. Bxg4 {was forced.} Nf5 20. Bxf5 gxf5 21. Rac1) 19... Qxb4 $4 {[%mdl 8192]} (19... Bxe2 $19 20. Rxe2 Bxd4) 20. Qxb4 $18 axb4 21. Bxg4 Bxd4 22. Rab1 Bc3 23. Red1 {Threatens to win with Be6.} Ne5 $2 (23... Rfe8 {was worth a try.} 24. Nb3 Ne5) 24. Be6+ {[%mdl 64] Double Attack} Kg7 25. Bxe5+ Bxe5 26. Bxd5 e3 27. fxe3 Bc3 28. Nf3 Rad8 (28... h5 $142 29. Ng5 Kh6) 29. Ng5 Rf5 30. Ne6+ {[%mdl 64] Double Attack} Kf6 31. Nxd8 Re5 32. e4 Kg5 33. Nf7+ {[%mdl 64] Double Attack} Kf4 34. Nxe5 {White mates.} Kxe5 35. Rb3 Bd4+ {[#]} 36. Rxd4 $1 Kxd4 37. Rxb4+ Ke5 38. Rxb7 g5 39. Rxh7 g4 40. Rh5+ Kd4 41. Rf5 g3 42. hxg3 Kc5 43. Bb7+ Kd6 44. Ba6 Ke6 45. Bf1 Kd6 46. g4 Ke7 47. g5 Ke6 48. g6 Ke7 49. g7 Ke6 50. g8=Q+ Ke7 51. Qg6 Kd7 52. Rf6 Ke7 53. Rf7+ Ke8 54. Qg7 {[%cal Rg7g8]} Kd8 55. Qh8# {Accuracy: White = 33%, Black = 27%.} 1-0

[Event "Stay Safe Play From Home 200"]
[Site "T#646566Emanuel Laske"]
[Date "2020.06.04"]
[Round "5"]
[White "SecantFX"]
[Black "Trotsky"]
[Result "1-0"]
[WhiteElo "1828"]
[BlackElo "1598"]
[Annotator "NA RC"]
[PlyCount "59"]
[EventDate "2020.06.04"]
[EventType "swiss (blitz)"]

1. g3 {[%emt 0:00:03]} c5 {[%emt 0:00:01]} 2. Bg2 {[%emt 0:00:00]} d5 {[%emt 0:00:04]} 3. f4 {[%emt 0:00:00]} Nc6 {[%emt 0:00:01]} 4. c3 {[%emt 0:00:00]} e6 {[%emt 0:00:00]} 5. Nf3 {[%emt 0:00:00]} Qc7 {[%emt 0:00:01]} 6. e3 {[%emt 0:00:00]} Bd6 {[%emt 0:00:01]} 7. d4 {[%emt 0:00:00]} Bd7 {[%emt 0:00:01]} 8. Nbd2 {[%emt 0:00:01]} Nf6 {[%emt 0:00:01]} 9. O-O {[%emt 0:00:01]} h5 {[%emt 0:00:01]} 10. Re1 {[%emt 0:00:01]} Ng4 {[%emt 0:00:01]} 11. h3 {[%emt 0:00:01]} O-O-O {[%emt 0:00:01]} 12. hxg4 {[%emt 0:00:01]} hxg4 {[%emt 0:00:01]} 13. Ng5 {[%emt 0:00:01]} Rdf8 {[%emt 0:00:02]} 14. Qxg4 {[%emt 0:00:03]} f5 {[%emt 0:00:01]} 15. Qe2 {[%emt 0:00:02]} e5 {[%emt 0:00:01]} 16. fxe5 {[%emt 0:00:01]} Bxe5 {[%emt 0:00:03]} 17. dxe5 {[%emt 0:00:01]} Nxe5 {[%emt 0:00:01]} 18. Bxd5 {[%emt 0:00:02]} Ng4 {[%emt 0:00:03]} 19. Ndf3 {[%emt 0:00:02]} Qxg3+ {[%emt 0:00:01]} 20. Qg2 {[%emt 0:00:02]} Qd6 {[%emt 0:00:11]} 21. c4 {[%emt 0:00:01]} Rh2 {[%emt 0:00:02]} 22. Nxh2 {[%emt 0:00:01]} Nxh2 {[%emt 0:00:06]} 23. Bxb7+ {[%emt 0:00:01]} Kd8 {[%emt 0:00:03]} 24. Qxh2 {[%emt 0:00:03]} Bc6 {[%emt 0:00:02]} 25. Bxc6 {[%emt 0:00:02]} Qxc6 {[%emt 0:00:01]} 26. Qg2 {[%emt 0:00:01]} Qd6 {[%emt 0:00:02]} 27. e4 {[%emt 0:00:01]} f4 {[%emt 0:00:02]} 28. Bxf4 {[%emt 0:00:02]} Qxf4 {[%emt 0:00:01]} 29. Rad1+ {[%emt 0:00:01]} Kc7 {[%emt 0:00:04]} 30. Ne6+ {[%emt 0:00:01] Âðåìÿ '} 1-0

[Event "Stay Safe Play From Home 200"]
[Site "T#646566Emanuel Laske"]
[Date "2020.06.04"]
[Round "5"]
[White "Haris kollari 13"]
[Black "Gibiz144"]
[Result "0-1"]
[WhiteElo "1649"]
[BlackElo "1563"]
[Annotator "NA RC"]
[PlyCount "72"]
[EventDate "2020.06.04"]
[EventType "swiss (blitz)"]

1. e4 {[%emt 0:00:01]} e6 {[%emt 0:00:00]} 2. f4 {[%emt 0:00:01]} b6 {[%emt 0:00:00]} 3. d4 {[%emt 0:00:01]} Bb7 {[%emt 0:00:01]} 4. Bd3 {[%emt 0:00:01]} d6 {[%emt 0:00:01]} 5. Be3 {[%emt 0:00:01]} Ne7 {[%emt 0:00:01]} 6. Nd2 {[%emt 0:00:01]} g6 {[%emt 0:00:01]} 7. Ngf3 {[%emt 0:00:01]} h6 {[%emt 0:00:01]} 8. c3 {[%emt 0:00:01]} f5 {[%emt 0:00:01]} 9. e5 {[%emt 0:00:02]} d5 {[%emt 0:00:02]} 10. Qe2 {[%emt 0:00:01]} Bg7 {[%emt 0:00:01]} 11. O-O-O {[%emt 0:00:01]} O-O {[%emt 0:00:01]} 12. Kb1 {[%emt 0:00:01]} Nd7 {[%emt 0:00:01]} 13. h3 {[%emt 0:00:00]} c5 {[%emt 0:00:01]} 14. g4 {[%emt 0:00:01]} c4 {[%emt 0:00:02]} 15. Bc2 {[%emt 0:00:01]} b5 {[%emt 0:00:01]} 16. Rdg1 {[%emt 0:00:02]} Kh7 {[%emt 0:00:03]} 17. gxf5 {[%emt 0:00:02]} Nxf5 {[%emt 0:00:01]} 18. Bf2 {[%emt 0:00:05]} a5 {[%emt 0:00:02]} 19. h4 {[%emt 0:00:01]} b4 {[%emt 0:00:02]} 20. Be1 {[%emt 0:00:05]} bxc3 {[%emt 0:00:02]} 21. bxc3 {[%emt 0:00:01]} Rb8 {[%emt 0:00:02]} 22. Ka1 {[%emt 0:00:01]} Ba6 {[%emt 0:00:01]} 23. h5 {[%emt 0:00:04]} gxh5 {[%emt 0:00:03]} 24. Qg2 {[%emt 0:00:02]} Rg8 {[%emt 0:00:01]} 25. Bxf5+ {[%emt 0:00:02]} exf5 {[%emt 0:00:01]} 26. Qg6+ {[%emt 0:00:01]} Kh8 {[%emt 0:00:02]} 27. Qxa6 {[%emt 0:00:02]} Qc7 {[%emt 0:00:08]} 28. Rg6 {[%emt 0:00:03]} Rb6 {[%emt 0:00:03]} 29. Rxb6 {[%emt 0:00:03]} Nxb6 {[%emt 0:00:01]} 30. Rg1 {[%emt 0:00:02]} Na4 {[%emt 0:00:02]} 31. Qb5 {[%emt 0:00:05]} Nxc3 {[%emt 0:00:02]} 32. Qb2 {[%emt 0:00:01]} Ne4 {[%emt 0:00:02]} 33. Nxe4 {[%emt 0:00:02]} dxe4 {[%emt 0:00:02]} 34. Nh4 {[%emt 0:00:00]} c3 {[%emt 0:00:01]} 35. Ng6+ {[%emt 0:00:02]} Kh7 {[%emt 0:00:01]} 36. Bxc3 {[%emt 0:00:00]} Rc8 {[%emt 0:00:02] Time (Lag: Av=0.41s, max=0.9s)} 0-1